000 00959cam a22003137a 4500
003 CHAP
005 20220329132911.0
008 971010s1989 r 00010 d
010 _a84
011 _a1056
035 _a231
040 _cCHAP
082 _a001.6424
_bT66
100 0 0 _aTownsend, Carl.
_9114440
245 0 _aMastering Dbase IV programming
260 _aSan Francisco :
_bSYBEX,
_c1989
300 _a496 p.
590 _aBATCH-UPD
_b10
_c20130110
_lUCH01
_h0024
590 _aBATCH-UPD
_b10
_c20130110
_lUCH01
_h1935
590 _aBATCH-UPD
_b10
_c20130409
_lUCH01
_h2005
590 _aBATCH-UPD
_b10
_c20130410
_lUCH01
_h1259
590 _aBATCH-UPD
_b10
_c20130914
_lUCH01
_h1138
590 _aCONVERSION
_b10
_c20130109
_lUCH01
_h1302
650 1 4 _aDBase IV (Programación)
_931359
650 1 4 _aLenguajes de programación.
_965989
901 _aBK
942 _cLIBRO
949 _a001.6424 T66
_bBC
_cLIBRO
_d33724000287090
_eLIBRO
_h76263
_i231
_si
_t92.50
999 _c84
_d84